01418nam a2200397 a 450000100060000000300100000600500170001600800410003301500220007402000150009603500170011103500260012803500280015403500410018204000250022304100080024804400110025608000330026708000250030010000360032524000750036124501460043625000250058226000300060730000430063750000370068050000500071765000350076765000450080265000520084765500220089970000360092170000290095794200170098699900170100322948SK-KTurca20260513074238.0240318s2000 xo a r slo  aSNBA2000/11-04080 a8080461430 aSNK000351212 aurn:nbn:sk:snk-amyhfw aurn:nbn:sk:snk-am00cjtt aF547A8D7-1578-40BE-B09E-289013F481F5 aSNKbslocSNKeAACR20 aslo axocSK a613.952+618.2-083(035)21981 a618.2-083(035)219811 aFenwick, Elizabeth,d1935-4aut10aThe complete Johnson & Johnson book of mother and baby carelSlovensky10aVeľká kniha o matke a dieťaticElizabeth Fenwicková ; [z anglického originálu preložili Adela Böhmerová a Beata Baranová] a9. opr. a dopl. vyd. aBratislavabPerfektc2000 a253 s.bfareb. fotogr., ilustr.c29 cm aRozlož. fotogr. na tit. strane aÚdaj o prekl. prevzatý z rubu tit. strany07atehotenstvoxpríručky2SNK07adetixstarostlivosťxpríručky2SNK07adojčatáxstarostlivosťxpríručky2SNK 7apríručky2SNK1 aBöhmerová, Ada,d1947-4trl1 aBaranová, Beáta4trl 2ddccOLDOn0 c22948d22948